000
00319nam a22001337a 4500
008
170706b xxu||||| |||| 00| 0 eng d
020
_a
0816612706
041
_a
eng
080
_a
82
100
_a
22
101
_a
GJL
245
_a
THE STRUCTURAL ALLEGORY RECONSTRUCTIVE ENCOUNTERS
_c
FEKETE.J
942
_2
udc
_c
BK
999
_c
20002
_d
20002